हिन्दी चित्रपट एवं संगीत का इतिहास / (Record no. 121077)

MARC details
000 -LEADER
fixed length control field 01259nam a22002897a 4500
003 - CONTROL NUMBER IDENTIFIER
control field 0
005 - DATE AND TIME OF LATEST TRANSACTION
control field 20190226151916.0
008 - FIXED-LENGTH DATA ELEMENTS--GENERAL INFORMATION
fixed length control field 0
010 ## - LIBRARY OF CONGRESS CONTROL NUMBER
LC control number B-170221
020 ## - INTERNATIONAL STANDARD BOOK NUMBER
Terms of availability 650.00
International Standard Book Number 8174531874
035 ## - SYSTEM CONTROL NUMBER
System control number B-170221, B-170222, B-170225
037 ## - SOURCE OF ACQUISITION
Source of stock number/acquisition Cen Lib/Ret
040 ## - CATALOGING SOURCE
Original cataloging agency DPL
Language of cataloging HN
Transcribing agency 0
082 ## - DEWEY DECIMAL CLASSIFICATION NUMBER
Classification number 791.43
Item number विमल
100 ## - MAIN ENTRY--PERSONAL NAME
Personal name विमल
9 (RLIN) 41420
245 ## - TITLE STATEMENT
Title हिन्दी चित्रपट एवं संगीत का इतिहास /
Statement of responsibility, etc विमल
246 ## - VARYING FORM OF TITLE
Title proper/short title Hindi chitrapit evam sangeet ka itihas /
Remainder of title by Vimal
260 ## - PUBLICATION, DISTRIBUTION, ETC. (IMPRINT)
Place of publication, distribution, etc नई दिल्ली
Name of publisher, distributor, etc संजय प्रकाशन
Date of publication, distribution, etc 2005
270 ## - ADDRESS
Address 4378/4-बी, 209 जे. एम. डी. हाउस गली मुरारीलाल, अंसारी रोड, दरियागंज
City नई दिल्ली
Postal code 110002
300 ## - PHYSICAL DESCRIPTION
Extent xii,360पृ.
Dimensions 21सेमी(सजिल्द)
500 ## - GENERAL NOTE
General note अनुक्रमणिका शामिल
650 ## - SUBJECT ADDED ENTRY--TOPICAL TERM
Topical term or geographic name as entry element हिंदी साहित्य
9 (RLIN) 94371
650 ## - SUBJECT ADDED ENTRY--TOPICAL TERM
Topical term or geographic name as entry element हिन्दी चित्रपट संगीत
9 (RLIN) 94372
650 ## - SUBJECT ADDED ENTRY--TOPICAL TERM
Topical term or geographic name as entry element Hindi literature
9 (RLIN) 94373
650 ## - SUBJECT ADDED ENTRY--TOPICAL TERM
Topical term or geographic name as entry element Hindi film music
9 (RLIN) 44471
942 ## - ADDED ENTRY ELEMENTS (KOHA)
Source of classification or shelving scheme Dewey Decimal Classification
Koha item type Hindi Books
Classification part 791.43
Call number suffix विमल
Holdings
Withdrawn status Lost status Damaged status Not for loan Home library Current library Date acquired Source of acquisition Cost, normal purchase price Total Checkouts Total Renewals Full call number Barcode Date last seen Date checked out Copy number Cost, replacement price Price effective from Koha item type Source of classification or shelving scheme Collection code
        Central Library Central Library 30/09/2015 Cen Lib/Ret 650.00 7 3 791.43 विमल B-170221 27/11/2025 22/11/2025 1 650.00 30/09/2015 Hindi Books    
        Patel Nagar Patel Nagar 24/07/2018 BPPD/PUB 650.00 5 1 791.43 विमल B-170222 21/04/2025 29/03/2025   650.00 24/07/2018 Hindi Books Dewey Decimal Classification Non-fiction
        Shahdara Branch Shahdara Branch 26/02/2019 BPPD/PUB 650.00     791.43 विमल B-170225 26/02/2019     650.00 26/02/2019 Hindi Books Dewey Decimal Classification Non-fiction

© Delhi Public Library
Hit Counter
free hit counter